000 00325nam a22001457a 4500
003 SGT
020 _a9783030513863
082 _a532.076,LON
100 _aLONGO,SANDRO
245 _aPROBLEMS IN HYDRAULICS AND FLUID MECHANICS
260 _bSPRINGER
_c2020
300 _a340
650 _aFluid mechanics
942 _2ddc
_cBK
999 _c22038
_d22038